00301nam a2200121Ia 4500008004100000041000800041082001200049100001400061245003200075260002800107300003300135365001100168240624s9999 xx 000 0 und d aeng a920 PRE aPREMCHAND aRANGBHUMI THE ARENA OF LIFE c2011aNew DelhibOxford axviii, : 650 : p. : cm. ; 22 cRSb32